| 000 | 00585nam a2200205 i 4500 | ||
|---|---|---|---|
| 001 | 65405 | ||
| 003 | ES-MaACL | ||
| 005 | 20250815121017.0 | ||
| 007 | t| | ||
| 008 | 040113s1968 sp ||||1| spa d | ||
| 080 | _a744:621.7 | ||
| 100 | 1 |
_aFrench, Thomas E. _952508 |
|
| 245 | 1 | 0 |
_aDibujo técnico / _cpor Thomas E. French y Carl L. Svensen. |
| 260 |
_aBarcelona : _bGustavo Gili, _c1968. |
||
| 300 |
_aVII, 552 p. : _bil. ; _c25 cm. |
||
| 650 | 7 |
_aDibujo técnico _2embne _911874 |
|
| 700 | 1 |
_aSvensen, Carl L. _9108900 |
|
| 852 |
_aES-MaACL _jC-34907 |
||
| 999 |
_c65405 _d65405 |
||